Smart microgrids : lessons from campus microgrid design and implementation

Tallennettuna:
Bibliografiset tiedot
Päätekijä: Farhangi,Hassan
Aineistotyyppi: Sách
Kieli:Undetermined
Julkaistu: CRC Press 2016
Aiheet:
Tagit: Lisää tagi
Ei tageja, Lisää ensimmäinen tagi!
Thư viện lưu trữ: Trung tâm Thư viện - Trường Đại học Công nghiệp TP. Hồ Chí Minh
LEADER 00506nam a2200157Ia 4500
001 UIH_00139
008 230809s9999 xx 000 0 und d
082 |a 621.31 
100 |a Farhangi,Hassan 
245 0 |a Smart microgrids : lessons from campus microgrid design and implementation 
245 0 |c Farhangi,Hassan 
260 |b CRC Press 
260 |c 2016 
650 |a Microgrids;Smart power grids; 
927 |a Sách 
980 |a Trung tâm Thư viện - Trường Đại học Công nghiệp TP. Hồ Chí Minh